000 00281nam a22001337a 4500
008 170809b xxu||||| |||| 00| 0 eng d
020 _a9780735623033
041 _aeng
080 _a004
100 _a35
101 _aSHK
245 _aSTEP BY STEP
_cLAMBERT,S
942 _2udc
_cBK
999 _c23001
_d23001